000 00535nam a2200193Ia 4500
005 20250508160708.0
008 008 250505s9999 xx 000 0 eng d
037 _aTextual
040 _aFEDL
_beng
_cFEDL
041 _aeng
_2eng
084 _a155.2, THO
_qFEDL
100 _aThompson George G.
245 0 _aSocial development and personality
260 _aNew York, USA
_bJohn Wiley and Sons
_c1971
300 _axviii,743p.
650 _aPersonality
942 _cTEXL
_h155.2, THO
999 _c1366082
_d1366082